Psicología social del anti-autoritarismo
El presente estudio tiene una categoría de análisis central: la violencia. De esta se desprenden otras como la violencia en: la socialización, hacia la niñez, en las relaciones interpersonales y en la política. La brutalización de la violencia se solidifica en tendencias de socialización fascista qu...
Guardado en:
| 主要作者: | |
|---|---|
| 格式: | 圖書 |
| 語言: | Undetermined |
| 出版: |
México, Distrito Federal
Siglo Veintiuno
1974
|
| 主題: | |
| 標簽: |
添加標簽
沒有標簽, 成為第一個標記此記錄!
|
MARC
| LEADER | 00000nam a2200000Ia 4500 | ||
|---|---|---|---|
| 008 | 170316s9999 xx 000 0 und d | ||
| 040 | |a cru BVZT | ||
| 090 | |a 100 B-61.1p | ||
| 100 | |a Brückner, Peter |9 1926 | ||
| 245 | |a Psicología social del anti-autoritarismo |c / Peter Brückner | ||
| 260 | |a México, Distrito Federal |b Siglo Veintiuno |c 1974 | ||
| 300 | |a 226páginas | ||
| 520 | |a El presente estudio tiene una categoría de análisis central: la violencia. De esta se desprenden otras como la violencia en: la socialización, hacia la niñez, en las relaciones interpersonales y en la política. La brutalización de la violencia se solidifica en tendencias de socialización fascista que brotan de las contradicciones de la economía capitalista | ||
| 650 | |a FILOSOFÍA |9 5 | ||
| 999 | |c 15779 |d 15779 | ||
| 942 | |c 15 D |h 100 B-61.1p |2 z | ||
